Ovarian sentiments / (Record no. 164161)

MARC details
000 -LEADER
fixed length control field 00466nam a22001697a 4500
005 - DATE AND TIME OF LATEST TRANSACTION
control field 20190513124616.0
010 ## - LCCN (DPL NO)
LC control number A-608391
020 ## - INTERNATIONAL STANDARD BOOK NUMBER
International Standard Book Number 817189450
035 ## - SYSTEM CONTROL NUMBER
System control number A-6089450
037 ## - SOURCE OF ACQUISITION
Source of stock number/acquisition A Writers Workshop Redbird Book
082 ## - DEWEY DECIMAL CLASSIFICATION NUMBER
Classification number 881
100 ## - MAIN ENTRY--PERSONAL NAME
Personal name Parmar, Renu Singh.
245 ## - TITLE STATEMENT
Title Ovarian sentiments /
Statement of responsibility, etc Renu Singh Parmar.
260 ## - PUBLICATION, DISTRIBUTION, ETC. (IMPRINT)
Name of publisher, distributor, etc A Writers Workshop Redbird Book
Date of publication, distribution, etc 1993
300 ## - PHYSICAL DESCRIPTION
Extent 43p
Dimensions 22cm (hbk)
942 ## - ADDED ENTRY ELEMENTS (KOHA)
Source of classification or shelving scheme Dewey Decimal Classification
Item type English Books
Classification part 881
Call number suffix PAR
Holdings
Withdrawn status Lost status Not for loan Collection code Home library Current library Date acquired Full call number Barcode Koha item type Public note
      Non-fiction Sarojini Nagar Sarojini Nagar 15/05/2019 881 PAR A-608391 English Books Withdrawn List Prepared L.No.14/1

© Delhi Public Library
Hit Counter
free hit counter